| 000 | 00610nam a2200169 i 4500 | ||
|---|---|---|---|
| 001 | bg | ||
| 245 | 0 |
_aIndeks typowych księgowań dla państwowych przedsiebiorstw budowlano-montażowych / _coprac. zespół w składzie Zygmunt Czubryt [et al. Cz.1 i 2]. |
|
| 260 |
_aWarszawa : _bPańst. Wydaw. Ekonomiczne, _c1980. |
||
| 490 | 1 | _aBiblioteka Stowarzyszenia Księgowych w Polsce | |
| 650 | 9 | _aRachunkowość | |
| 700 | 1 |
_aCzubryt, Zygmunt. _eOprac. |
|
| 830 | _aBiblioteka Stowarzyszenia Księgowych w Polsce | ||
| 040 | _cBPK | ||
| 041 | _apol | ||
| 942 | _cKS | ||
| 008 | s pl f |000 0 pol | ||
| 999 |
_c34880 _d34880 |
||
| 856 |
_uhttp://koha.tu.koszalin.pl/cgi-bin/koha/opac-detail.pl?biblionumber=34880 _yKatalog online BPK |
||